Políticas de Investigación y Desarrollo en Estados Unidos

Gespeichert in:
Bibliographische Detailangaben
Format: Text
Veröffentlicht: México D.F.: Proyecto Lázaro Cárdenas
Ausgabe:0
Tags: Tag hinzufügen
Keine Tags, Fügen Sie den ersten Tag hinzu!

MARC

LEADER 00000 a a2200000 04500
001 24888
003
040
090 |a 179500  
245 |a Políticas de Investigación y Desarrollo en Estados Unidos  
250 |a 0  
260 |a México D.F.:   |b Proyecto Lázaro Cárdenas  
300 |a 2 p.  
999 |c 11292  |d 11292